| 000 | 00602cam a2200193 i 4500 | ||
|---|---|---|---|
| 020 | _a9780820335780 (hard bound : alk. paper) | ||
| 020 | _a9780820349718 (pbk. : alk. paper) | ||
| 040 | _cDLC | ||
| 082 | 0 | 0 | _a338 GIE 1992 C156 Or. |
| 100 | _aGisolfi, Monica R., | ||
| 245 | 1 | 4 |
_aThe takeover : _bchicken farming and the roots of American agribusiness / |
| 300 |
_axvi, 104 pages ; _c23 cm. |
||
| 490 | 0 | _aEnvironmental history and the American South | |
| 650 | 0 | _aPoultry industry | |
| 650 | 0 | _aPoultry industry | |
| 650 | 0 | _aAgricultural industries | |
| 650 | 0 | _aAgriculture | |
| 942 | _cAEDBB | ||
| 999 |
_c18979 _d18979 |
||